| 000 | 00656nam a22002057a 4500 | ||
|---|---|---|---|
| 999 |
_c1343 _d1343 |
||
| 001 | 13075 | ||
| 003 | BD-DhUAP | ||
| 005 | 20200205164434.0 | ||
| 008 | 200205s2011 bg l 000 0 eng | ||
| 020 | _a9843220307 | ||
| 040 |
_aDLC _cDLC _bEng _dBD-DhUAP |
||
| 082 |
_223 _a344.549201 HAL |
||
| 100 | _aHalim, Md. Abdul. | ||
| 245 | 1 | 4 |
_aThe Bangladesh Labour Code, 2006 : _ban interpretative and critical study of the labour and industrial laws of Bangladesh / _cMd. Abdul Halim. |
| 250 | _a3rd ed. | ||
| 260 |
_aDhaka : _bCCB Foundation, _c2009. |
||
| 300 |
_a286 pages ; _c23 cm. |
||
| 650 | 0 |
_aLabor laws and legislation _zBangladesh. |
|
| 942 |
_2ddc _cBK |
||